Egypt of the Pharaohs : (Record no. 63245)
[ view plain ]
| 000 -LEADER | |
|---|---|
| fixed length control field | 00685nam a2200217 a 4500 |
| 001 - CONTROL NUMBER | |
| control field | 63245 |
| 003 - CONTROL NUMBER IDENTIFIER | |
| rucl marc code | BD-RjUL |
| 005 - DATE AND TIME OF LATEST TRANSACTION | |
| control field | 20211209081156.0 |
| 008 - FIXED-LENGTH DATA ELEMENTS--GENERAL INFORMATION | |
| fixed length control field | 170129s1961 enk 1 0 eng d |
| 035 ## - SYSTEM CONTROL NUMBER | |
| System control number | (BD-RjUL)63374 |
| 040 ## - CATALOGING SOURCE | |
| Original cataloging agency | BD-RjUL |
| Language of cataloging | eng |
| Transcribing agency | BD-RjUL |
| Modifying agency | BD-RjUL |
| 041 ## - LANGUAGE CODE | |
| Language code of text/sound track or separate title | eng |
| 082 ## - DEWEY DECIMAL CLASSIFICATION NUMBER | |
| Edition number | 23 |
| Classification number | 932.01 |
| Author mark and year | GAE 1961 |
| 100 1# - MAIN ENTRY--PERSONAL NAME | |
| Personal name | Gardiner, Alan H. |
| Fuller form of name | (Alan Henderson), |
| Dates associated with a name | 1879-1963, |
| 9 (RLIN) | 188236 |
| 245 10 - TITLE STATEMENT | |
| Title | Egypt of the Pharaohs : |
| Remainder of title | an introduction / |
| Statement of responsibility, etc. | by Sir Alan Gardiner. |
| 260 ## - PUBLICATION, DISTRIBUTION, ETC. (IMPRINT) | |
| Place of publication, distribution, etc. | Oxford : |
| Name of publisher, distributor, etc. | Clarendon Press, |
| Date of publication, distribution, etc. | 1961 [reprinted 1966]. |
| 300 ## - PHYSICAL DESCRIPTION | |
| Pagination | xx, 461 p. : |
| Illustrations | ill. ; |
| Size | 24 cm. |
| 500 ## - GENERAL NOTE | |
| General note | Includes index |
| 651 #0 - SUBJECT ADDED ENTRY--GEOGRAPHIC NAME | |
| Geographic name | Egypt |
| General subdivision | History |
| Chronological subdivision | To 332 B.C. |
| 9 (RLIN) | 188237 |
| 942 ## - ADDED ENTRY ELEMENTS (KOHA) | |
| Source of classification or shelving scheme | Dewey Decimal Classification |
| Koha item type | Books |
| Lost status | Source of classification or shelving scheme | Damaged status | Not for loan | Collection code | Permanent Location | Current Location | Shelving location | Date acquired | Source of acquisition | Cost, normal purchase price | Total Checkouts | Full call number | Date last seen | Copy number | Koha item type |
|---|---|---|---|---|---|---|---|---|---|---|---|---|---|---|---|
| Dewey Decimal Classification | Not For Loan | Non-fiction | Central Library, University of Rajshahi | Central Library, University of Rajshahi | Reading Room | 31/05/1968 | Pak. book centre | 26.25 | 932.01 GAE 1961 | 29/01/2017 | C-1 | Books | |||
| Dewey Decimal Classification | Non-fiction | Central Library, University of Rajshahi | Central Library, University of Rajshahi | 14/06/1967 | Zeitlinger | 15.00 | 932.01 GAE 1966 | 27/02/2017 | C-2 | Books |